전 세계에서 가장 큰 500개 도시 - Statistics

General Stats
  • This quiz has been taken 12 times
  • The average score is 147 of 500
Answers on the Map
Answers color-coded by a green-red scale on the quiz's map according to % correct below.
 
Answer Stats
Population Urban Area % Correct
40,800,000 도쿄
100%
24,900,000 서울
100%
23,100,000 뉴욕
91%
20,900,000 베이징
91%
17,700,000 오사카
91%
11,400,000 파리
91%
4,000,000 부산
91%
40,000,000 상하이
82%
33,400,000 뉴델리
82%
22,200,000 카이로
82%
18,800,000 모스크바
82%
17,700,000 로스엔젤레스
82%
14,800,000 런던
82%
7,300,000 홍콩
82%
4,925,000 시드니
82%
1,330,000 오타와
82%
28,900,000 자카르타
73%
24,900,000 멕시코시티
73%
23,000,000 상파울루
73%
20,500,000 방콕
73%
16,700,000 부에노스아이레스
73%
10,500,000 나고야
73%
7,950,000 샌프란시스코
73%
7,050,000 휴스턴
73%
7,000,000 하노이
73%
6,850,000 마드리드
73%
4,775,000 베를린
73%
4,175,000 브라질리아
73%
3,450,000 로마
73%
2,975,000 평양
73%
2,750,000 대구
73%
2,500,000 리스본
73%
2,500,000 삿포로
73%
1,510,000 울란바토르
73%
8,800,000 워싱턴DC
73%
67,800,000 광저우
64%
26,700,000 마닐라
64%
26,600,000 뭄바이
64%
13,400,000 항저우
64%
13,400,000 리우데자네이루
64%
9,900,000 시카고
64%
9,200,000 타이베이
64%
7,750,000 싱가포르
64%
5,400,000 하얼빈
64%
4,950,000 바르셀로나
64%
4,950,000 멜버른 (호주)
64%
4,625,000 시애틀
64%
4,450,000 케이프타운
64%
3,025,000 밴쿠버
64%
2,800,000 후쿠오카
64%
2,500,000 암스테르담
64%
2,325,000 메카
64%
1,870,000 히로시마
64%
1,630,000 광주
64%
1,530,000 대전
64%
1,510,000 헬싱키
64%
1,260,000 멜버른 (미국)
64%
1,230,000 오슬로
64%
21,300,000 다카
55%
16,600,000 청두
55%
16,100,000 이스탄불
55%
14,800,000 요하네스버그
55%
11,800,000 우한
55%
10,500,000 충칭
55%
9,150,000 리야드
55%
9,100,000 쿠알라룸푸르
55%
9,050,000 난징
55%
8,050,000 산티아고
55%
7,850,000 보스턴
55%
6,450,000 마이애미
55%
6,100,000 밀라노
55%
5,200,000 앙카라
55%
4,600,000 아디스아바바
55%
3,550,000 아테네
55%
3,475,000 키이우
55%
3,075,000 카트만두
55%
2,475,000 바르샤바
55%
2,275,000 뮌헨
55%
2,275,000
55%
2,250,000 스톡홀름
55%
1,740,000 아부다비
55%
1,430,000 다낭
55%
21,400,000 라고스
45%
19,100,000 카라치
45%
16,200,000 테헤란
45%
14,500,000 샤먼
45%
13,500,000 호치민
45%
10,200,000 보고타
45%
7,550,000 필라델피아
45%
7,550,000 토론토
45%
7,500,000 바그다드
45%
6,600,000 두바이
45%
6,550,000 나이로비
45%
6,400,000 상트페테르부르크
45%
6,000,000 양곤
45%
5,850,000 디트로이트
45%
5,150,000 다롄
45%
4,800,000 카불
45%
4,700,000 카사블랑카
45%
4,200,000 다카르
45%
4,200,000 쿠웨이트시티
45%
4,050,000 나폴리
45%
3,600,000 타슈켄트
45%
3,275,000 프랑크푸르트
45%
3,125,000 맨체스터
45%
2,775,000 가오슝
45%
2,750,000 프놈펜
45%
2,375,000 라스베가스
45%
1,760,000 코펜하겐
45%
1,690,000 마르세유
45%
1,690,000 메디나
45%
1,510,000 더블린
45%
1,510,000 센다이
45%
1,460,000 프라하
45%
1,450,000 오클랜드
45%
1,360,000 아스타나
45%
17,400,000 콜카타
36%
15,000,000 킨샤사
36%
12,300,000 시안
36%
12,200,000 첸나이
36%
11,600,000 리마
36%
11,400,000 톈진
36%
8,550,000 선양
36%
7,250,000 칭다오
36%
6,550,000 아비장
36%
6,250,000 쿤밍
36%
6,100,000 알렉산드리아
36%
6,100,000 애틀랜타
36%
6,000,000 다르에스살람
36%
5,850,000 암만
36%
5,500,000 제다
36%
5,100,000 난닝
36%
4,900,000 콜롬보
36%
4,725,000 우루무치
36%
4,175,000 알제
36%
4,100,000 아부자
36%
3,950,000 덴버
36%
3,725,000 라왈핀디 / 이슬라마바드
36%
3,450,000 뤄양
36%
3,300,000 샌디에고
36%
2,950,000 안타나나리보
36%
2,925,000 텔아비브
36%
2,900,000 함부르크
36%
2,775,000 튀니스
36%
2,750,000 브뤼셀
36%
2,700,000 세부
36%
2,675,000 바쿠
36%
2,650,000 부다페스트
36%
2,450,000 도하
36%
2,225,000 하바나
36%
2,225,000 라파스
36%
2,200,000 브라자빌
36%
2,200,000 부쿠레슈티
36%
2,175,000 새크라멘토
36%
2,125,000 가자
36%
2,125,000 모가디슈
36%
2,125,000 라바트
36%
2,075,000 발렌시아 (베네수엘라)
36%
2,050,000 민스크
36%
2,025,000 리옹
36%
1,980,000 기타큐슈
36%
1,900,000 발렌시아 (스페인)
36%
1,890,000 리버풀
36%
1,880,000 몬테비데오
36%
1,860,000 베이루트
36%
1,810,000 은자메나
36%
1,770,000 트리폴리
36%
1,620,000 파나마시티
36%
1,590,000 토리노
36%
1,570,000 오랑
36%
1,550,000 포르투
36%
1,480,000 취리히
36%
1,470,000 무스카트
36%
1,460,000 뉴캐슬
36%
1,350,000 누악쇼트
36%
1,340,000 프리타운
36%
1,310,000 세비야
36%
1,310,000 타이난
36%
14,400,000 라호르
27%
13,700,000 벵갈루루
27%
11,100,000 하이데라바드
27%
10,500,000 창사
27%
9,450,000 정저우
27%
9,000,000 루안다
27%
7,500,000 허페이
27%
6,900,000 반둥
27%
6,850,000 하르툼
27%
6,350,000 아크라
27%
6,350,000 지난
27%
5,900,000 수라바야
27%
5,850,000 몬테레이
27%
5,750,000 과달라하라
27%
5,200,000 카노
27%
5,100,000 원저우
27%
4,900,000 창춘
27%
4,800,000 난창
27%
4,650,000 치타공
27%
4,550,000 푸저우
27%
4,375,000 몬트리올
27%
4,225,000 메데인
27%
4,175,000 산토도밍고
27%
4,150,000 메단
27%
3,975,000 바마코
27%
3,975,000 캄팔라
27%
3,925,000 이바단
27%
3,800,000 카라카스
27%
3,800,000 다마스쿠스
27%
3,725,000 올랜도
27%
3,700,000 사우바도르
27%
3,700,000 야운데
27%
3,650,000 두알라
27%
3,575,000 더반
27%
3,550,000 쿠리치바
27%
3,525,000 포르토프랭스
27%
3,400,000 란저우
27%
3,375,000 로테르담
27%
3,350,000 이스파한
27%
3,350,000 마슈하드
27%
3,325,000 캄피나스
27%
3,325,000 과테말라시티
27%
3,275,000 브리즈번
27%
3,275,000 과야킬
27%
3,225,000 버밍엄
27%
3,100,000 클리블랜드
27%
3,075,000 사나
27%
3,025,000 이즈미르
27%
3,000,000 쑤저우
27%
2,925,000 칼리
27%
2,875,000 키토
27%
2,850,000 파트나
27%
2,800,000 와가두구
27%
2,775,000 코나크리
27%
2,650,000 탕산
27%
2,600,000 하라레
27%
2,575,000 하이커우
27%
2,550,000 알마티
27%
2,500,000 포틀랜드
27%
2,450,000 아순시온
27%
2,450,000 하이데라바드 (파키스탄)
27%
2,450,000 마푸토
27%
2,450,000 타이중
27%
2,450,000 옌타이
27%
2,425,000 산호세
27%
2,325,000 산타크루스
27%
2,275,000 벨렝
27%
2,225,000 퍼스
27%
2,175,000 부르사
27%
2,025,000 조지타운
27%
1,930,000 산살바도르
27%
1,910,000 산후안
27%
1,910,000 타브리즈
27%
1,880,000 시라즈
27%
1,840,000 노보시비르스크
27%
1,840,000 예카테린부르크
27%
1,790,000 베냉시티
27%
1,780,000 아다나
27%
1,770,000 코르도바
27%
1,770,000 몬로비아
27%
1,690,000 글래스고
27%
1,660,000 니즈니노브고로드
27%
1,660,000 버지니아비치
27%
1,650,000 다바오
27%
1,630,000 바스라
27%
1,610,000 지린
27%
1,600,000 하르키우
27%
1,570,000 카잔
27%
1,560,000 방기
27%
1,550,000 마나마
27%
1,530,000 아슈가바트
27%
1,510,000 예레반
27%
1,490,000 모술
27%
1,460,000 첼랴빈스크
27%
1,440,000 베오그라드
27%
1,440,000 포트엘리자베스
27%
1,420,000 도네츠크
27%
1,410,000 애들레이드
27%
1,410,000 캘거리
27%
1,400,000 에드먼턴
27%
1,400,000 로스토프온돈
27%
1,400,000 트빌리시
27%
1,370,000 콘야
27%
1,370,000 마나과
27%
1,370,000 사마라
27%
1,340,000 드니프로
27%
1,330,000 페스
27%
1,330,000 키갈리
27%
1,320,000 몸바사
27%
1,310,000 하마마츠
27%
1,280,000 아가디르
27%
1,270,000 크라스노야르스크
27%
1,250,000 아바
27%
1,240,000 나하
27%
1,240,000 소피아
27%
9,300,000 아흐메다바드
18%
8,000,000 산터우
18%
7,550,000 댈러스
18%
7,550,000 푸네
18%
7,450,000 수랏
18%
7,100,000 닝보
18%
6,000,000 스자좡
18%
5,750,000 타이위안
18%
4,850,000 구이양
18%
4,825,000 피닉스
18%
4,750,000 탬파
18%
4,300,000 린이
18%
4,275,000 자이푸르
18%
4,200,000 포르투알레그리
18%
4,175,000 푸에블라
18%
4,000,000 러크나우
18%
3,950,000 파이살라바드
18%
3,800,000 쯔보
18%
3,775,000 포르탈레자
18%
3,600,000 칸푸르
18%
3,525,000 인도르
18%
3,450,000 나그푸르
18%
3,250,000 난통
18%
3,075,000 웨이팡
18%
2,850,000 쿠마시
18%
2,750,000 담맘
18%
2,750,000 한단
18%
2,750,000 마라카이보
18%
2,650,000 루붐바시
18%
2,625,000 솔트레이크시티
18%
2,600,000 페샤와르
18%
2,600,000 포트하커트
18%
2,550,000 고이아니아
18%
2,525,000 타이저우 (저장성)
18%
2,500,000 아그라
18%
2,400,000 슈투트가르트
18%
2,350,000 안산
18%
2,350,000 로메
18%
2,350,000 바도다라
18%
2,350,000 비사카파트남
18%
2,325,000 마나우스
18%
2,325,000 음부지마이
18%
2,325,000 샌안토니오
18%
2,275,000 바란키야
18%
2,275,000 나시크
18%
2,250,000 루사카
18%
2,225,000 리즈
18%
2,200,000 티후아나
18%
2,200,000 양저우
18%
2,175,000 오스틴
18%
2,175,000 오카야마
18%
2,150,000 바오터우
18%
2,100,000 인디애나폴리스
18%
2,075,000 라지코트
18%
2,050,000 카두나
18%
2,025,000 코토누
18%
2,025,000 잭슨빌
18%
1,900,000 알레포
18%
1,830,000 다칭
18%
1,790,000 지닝
18%
1,770,000 마카사르
18%
1,740,000 팔렘방
18%
1,730,000 스리나가르
18%
1,640,000 코치
18%
1,640,000 내쉬빌
18%
1,600,000 후아레스
18%
1,580,000 만하임
18%
1,550,000 난양
18%
1,520,000 밀워키
18%
1,490,000 타이안
18%
1,470,000 상루이스
18%
1,460,000 마라카이
18%
1,460,000 나타우
18%
1,440,000 코차밤바
18%
1,430,000 니아메이
18%
1,420,000 로사리오
18%
1,420,000 타이저우 (장쑤성)
18%
1,410,000 옌청
18%
1,400,000 장자커우
18%
1,390,000 안탈랴
18%
1,390,000
18%
1,380,000 마오밍
18%
1,370,000 반다르람풍
18%
1,350,000 벵겔라
18%
1,340,000 이창
18%
1,320,000 메리다
18%
1,310,000
18%
1,290,000 카낭가
18%
1,290,000 산페드로술라
18%
1,230,000 앤트워프
18%
5,150,000 벨루오리존치
9%
3,925,000 헤시피
9%
3,300,000 미네아폴리스
9%
3,175,000 빌라이
9%
3,075,000 구지란왈라
9%
2,925,000 코임바토르
9%
2,825,000 신시내티
9%
2,650,000 톨루카
9%
2,625,000 후허하오터
9%
2,575,000 찬디가르
9%
2,575,000 샬럿
9%
2,350,000 세인트루이스
9%
2,300,000 인촨
9%
2,275,000 물탄
9%
2,250,000 카토비체
9%
2,225,000 레온
9%
2,100,000 캔자스시티
9%
2,100,000 세마랑
9%
2,100,000 시닝
9%
2,075,000 바오딩
9%
2,075,000 루디아나
9%
2,075,000 피츠버그
9%
2,050,000 바라나시
9%
1,980,000 핑딩산
9%
1,930,000 비토리아
9%
1,890,000 마두라이
9%
1,860,000 안양
9%
1,840,000 콜럼버스
9%
1,790,000 산투스
9%
1,790,000 잔장
9%
1,780,000 욕야카르타
9%
1,770,000 롤리
9%
1,750,000 상양
9%
1,740,000 말랑
9%
1,710,000 가지엔테프
9%
1,700,000 앙헬레스
9%
1,700,000 구이린
9%
1,690,000 만델레이
9%
1,680,000 하트퍼드
9%
1,660,000 수라카르타
9%
1,640,000 케레타로
9%
1,630,000 후저우
9%
1,630,000 친황다오
9%
1,610,000 조드푸르
9%
1,590,000 싱타이
9%
1,530,000 셰필드
9%
1,510,000 위린
9%
1,480,000 아바즈
9%
1,480,000 촌부리
9%
1,480,000 진화
9%
1,430,000 웨이하이
9%
1,420,000 버팔로
9%
1,420,000 하이퐁
9%
1,400,000 토레온
9%
1,370,000 노팅엄
9%
1,360,000 산루이스포토시
9%
1,340,000 해리스버그
9%
1,340,000 마이두구리
9%
1,330,000 바르키시메토
9%
1,330,000 부카라망가
9%
1,320,000 쉬창
9%
1,310,000 오니차
9%
1,280,000 스톡턴
9%
1,250,000 퀘타
9%
1,240,000 매컬런
9%
1,220,000 헝양
9%
1,220,000 진저우
9%
3,025,000 장인
0%
2,600,000 보팔
0%
2,525,000 신상
0%
2,475,000 이우
0%
2,450,000 주하이
0%
2,350,000 류저우
0%
2,225,000 비자야와다
0%
2,075,000 자싱
0%
2,025,000 부바네스와르
0%
1,980,000 간저우
0%
1,970,000 아우랑가바드
0%
1,900,000 다퉁
0%
1,880,000 벙부
0%
1,870,000 화이안
0%
1,860,000 화이난
0%
1,860,000 쭌이
0%
1,850,000 메루트
0%
1,790,000 짜오좡
0%
1,760,000 잠셰드푸르
0%
1,730,000 우후
0%
1,710,000 창난
0%
1,690,000 아산솔
0%
1,680,000 몐양
0%
1,310,000 | 1,600,000 푸양
0%
1,600,000 상추
0%
1,570,000 자오쭤
0%
1,560,000 자발푸르
0%
1,550,000 란치
0%
1,540,000 티루푸르
0%
1,530,000 알라하바드
0%
1,520,000 코타
0%
1,510,000 괄리오르
0%
1,470,000 암리차르
0%
1,470,000 상라오
0%
1,440,000 단바드
0%
1,440,000 허쩌
0%
1,430,000 바레일리
0%
1,380,000 모라다바드
0%
1,360,000 알리가르
0%
1,350,000 난충
0%
1,310,000 마이소르
0%
1,300,000 화이베이
0%
1,280,000 쉼켄트
0%
1,270,000 카이펑
0%
1,270,000 칭위안
0%
1,270,000 티루치라팔리
0%
1,260,000 다저우
0%
1,240,000 뤼저우
0%
1,220,000 카라왕
0%
No matching quizzes found
Score Distribution
Percent of People with Each Score
Percentile by Number Answered
Your Score History
You have not taken this quiz